000 00330nam a22001457a 4500
003 SGT
020 _a9788170992052
082 _a324.254
_bP90K
100 _aKUMAR, K.N
245 _aPOLITICAL PARTIES IN INDIA
260 _aINDIA
_bMITTAL PUB.
_c1990
300 _a368
650 _aINDIAN POLITICAL PARTIES
942 _2ddc
_cBK
999 _c26246
_d26246